01546 a2200205 45000010006000000050017000060080041000230030015000640400040000790800035001192450025001540200022001792500013002012640028002143000026002425050911002681000023011797000022012028560116012241465820260407155448.0260407a2012 arg spa dAR-UNSa-BCEJYS aAR-UNSa-BCEJYSbspacAR-UNSa-BCEJYS a330.34xDesarrollo Económico10aEconomic development a978-0-13-801388-2 a11a. ed. 1aBoston :bPearsonc2012 axxvii, 801 p.c26 cm. a1. Introducing economic development: a global perspective - 2. Comparative economic development - 3. Classic theories of economic growth and development - 4. Contemporary models of development and underdevelopment - 5. Poverty, inequality, and development - 6. Population Growth and economic development: causes, consequences, and controversies - 7. Urbanization and rural-urban migration: theory and policy - 8. Human capital: education and health in economic development - 9. Agricultural transformation and rural development - 10. The environment and development - 11. Development policymaking and the roles of market, state, and civil society - 12. International trade theory and development strategy - 13. Balance of payments, debt, financial crises, and stabilization policies - 14. Foreign finance, investment, and Aid: controversies and opportunities - 15. Finance and fiscal policy for development1 aTodaro, Michael P.1 aSmith, Stephen C.41uhttps://biblioeco.unsa.edu.ar/pmb/images/libros/Economic Development-l118977.jpgyImagen de portadaqimage/jpeg